000 00300nam a2200109Ia 4500
005 20251222152712.0
008 251222s9999||||xx |||||||||||||| ||spa||
082 _a869.56/C27
100 _aCarvallo de Nuñez, Carlota
245 0 _aPrimera Colección de Biografías para Niños y Niñas
942 _cLIB
999 _c29235
_d29235